01542nam a2200349 a 4500001001200000003000800012006001900020007001500039008004100054020001500095020001800110020002700128040002100155035002100176050002300197245026900220260006300489300003500552490002600587504005100613533015200664650002500816655002900841700003100870700002000901700002100921710003200942710001700974830005600991856012601047999001901173ebr10505624CaPaEBRm u cr cn|||||||||111129s2008 ne a sb 001 0 eng d z9062992188 z9789062992188 z9789062998494 (e-book) aCaPaEBRcCaPaEBR a(OCoLC)75868502614aRE871b.G53 2008eb00aGlaucoma screeningh[electronic resource] :bscreening for open angle glaucoma, primary angle-closure and primary angle-closure glaucoma : the 5th consensus report of the World Glaucoma Association /cedited by Robert N. Weinreb, Paul R. Healey and Fotis Topouzis. aAmsterdam, The Netherlands :bKugler Publications,c[2008] ax, 150 p. :bill. (some col.).1 aConsensus series ;v5 aIncludes bibliographical references and index. aElectronic reproduction.bPalo Alto, Calif. :cebrary,d2011.nAvailable via World Wide Web.nAccess may be limited to ebrary affiliated libraries. 0aGlaucomaxDiagnosis. 7aElectronic books.2local1 aWeinreb, Robert N.,d1949-1 aHealey, Paul R.1 aTopouzis, Fotis.2 aWorld Glaucoma Association.2 aebrary, Inc. 0aConsensus series (World Glaucoma Association) ;v5.40uhttp://site.ebrary.com/lib/rucke/Doc?id=10505624zAn electronic book accessible through the World Wide Web; click to view c220054d220054